| 000 | 00618nam a2200229Ia 4500 | ||
|---|---|---|---|
| 003 | OSt | ||
| 005 | 20220926044040.0 | ||
| 006 | a|||||r|||| 00| 0 | ||
| 007 | ta | ||
| 008 | 220923b |||||||| |||| 00| 0 eng d | ||
| 037 | _cGeneral Book | ||
| 040 |
_aRTL _cRTL _beng |
||
| 041 |
_2eng _aeng |
||
| 082 | _aY16, J8 | ||
| 100 |
_aGreenwalt Crawford H _9348471 |
||
| 245 | 0 | _aUncommon man | |
| 260 | _c1958 | ||
| 490 | _aMcGraw-Hill Paperbacks. Mckinsey Foundation Lectures Series | ||
| 650 | _aWomen Sociology | ||
| 942 |
_hY16, J8 _cGB _2CC |
||
| 999 |
_c673851 _d673851 |
||